000 00497nam a22001577a 4500
008 151201b xxu||||| |||| 00| 0 eng d
020 _a9789351150961
082 _22014
_aDC 658.3
_bH88
245 _aHuman resource planning and development.
260 _aUAE:
_b3G Learning FZ LLC,
_cc2014
300 _av, 295 pages:
_billustrations;
_c23 cm.
_eDVD
500 _aIncludes bibliographical references.
650 0 _95950
_aPersonnel management
650 0 _95951
_aCareer development
942 _2ddc
_cBK
999 _c305
_d305